| 000 | 02015cam a2200553 a 4500 | ||
|---|---|---|---|
| 001 | 20166 | ||
| 003 | VRT | ||
| 005 | 20260117150204.0 | ||
| 008 | 240318s2016 ao g f 001 0dslo | ||
| 015 | _aSNBA2017/02 | ||
| 020 |
_a9788080711870 _q(viazané) |
||
| 035 | _aurn:nbn:sk:snk-am00dzfi | ||
| 035 | _aurn:nbn:sk:snk-am3i9rh | ||
| 035 | _a7F9F6CEE-EBED-4D62-9500-1108DC014189 | ||
| 039 | 9 |
_a202403182227 _bVLOAD _c202005070747 _dVLOAD _c201705111018 _dmsavuk02 _c201702171024 _dmsnk123 |
|
| 040 |
_aSPK _bslo _cSPK _dSNK _eAACR2 |
||
| 041 | 1 |
_aslo _heng |
|
| 044 |
_axo _cSK |
||
| 072 | 7 |
_a611 _xAnatómia človeka a porovnávacia anatómia _2konspekt |
|
| 072 | 7 |
_a613 _xHygiena. Ľudské zdravie _2konspekt |
|
| 080 |
_a611/612 _22011 |
||
| 080 |
_a613 _22011 |
||
| 080 |
_a(035) _22011 |
||
| 100 | 1 |
_aPamplona-Roger, George D. _4aut |
|
| 240 | 1 | 0 |
_aHealthy Body _lSlovensky |
| 245 | 1 | 0 |
_aZdravé telo _bpraktická príručka starostlivosti o ľudské telo _cGeorge D. Pamplona-Roger ; [preklad z angličtiny Dominika Matisová] |
| 250 | _a1. vyd. | ||
| 260 |
_aVrútky _bAdvent-Orion _c2016 |
||
| 300 |
_a335 s. _bilustr. _c29 cm |
||
| 490 | 1 | _aŽivot a zdravie | |
| 500 | _aPublikácia obsahuje biografické údaje o autorovi | ||
| 504 | _aReg.: s. 332-335 | ||
| 650 | 0 | 7 |
_aľudské telo _2SNKPH |
| 650 | 0 | 7 |
_astarostlivosť o zdravie _2SNKPH |
| 650 | 0 | 7 |
_aHuman body _2SNKPHeng |
| 650 | 0 | 7 |
_aHealth care _2SNKPHeng |
| 655 | 7 |
_apríručky _2SNKPH |
|
| 655 | 7 |
_aHandbooks, manuals, etc. _2SNKPHeng |
|
| 700 | 1 |
_aMatisová, Dominika _4trl |
|
| 830 | _aŽivot a zdravie | ||
| 910 | _asavuk | ||
| 942 |
_2ddc _cOLDO _n0 |
||
| 949 |
_62889324619 _asavukPV 23821 _bsavuk2017/1462 |
||
| 949 |
_6270001000533755 _asvkbbC 61804 _bsvkbbm 766085 |
||
| 949 |
_617A1251262 _asnkSB 91164 _bsnk2017/2163 _o210/17 _s6100:20170220 |
||
| 949 |
_617A1255396 _asnkSB 91164 D1 _bsnk2017/8156 _o210/17 |
||
| 949 |
_6273K0626622 _asvkpoC 58777 _bsvkpo623953 |
||
| 999 |
_c20166 _d20166 |
||